000 00467cam a2200181 4500
001 D14726
008 090401t1971 xxu||||| |||| 00| 0 eng d
035 _a(Sirsi) u17546
041 _aeng
050 _a711.40942132
110 _aChapman Taylor Partners
_95251
245 4 _aThe Grosvenor estate strategy for Mayfair and Belgravia
260 _aLondon
_bGrosvenor Estate
_c1971
300 _a210p. ill. 42cm
350 _a0
942 _n0
948 _c04/03/1997
999 _c87525
_d87525